[Event "Sao Paulo-ch 7th leg"]
[Site "Sao Paulo"]
[Date "2002.??.??"]
[Round "5"]
[White "Santos, Raul"]
[Black "Pereira, Jorge A Viveiros"]
[Result "0-1"]
[WhiteElo "1880"]
[BlackElo "2116"]
[PlyCount "44"]
[EventDate "2002.08.23"]
[EventType "swiss"]
[EventRounds "5"]
[EventCountry "BRA"]
[SourceTitle "EXT 2003"]
[Source "ChessBase"]
[SourceDate "2002.11.25"]
[SourceVersion "1"]
[SourceVersionDate "2002.11.25"]
[SourceQuality "1"]

1. e4 c5 2. d3 e6 3. f4 d5 4. Nf3 Nc6 5. Be2 Nf6 6. e5 Nd7 7. 0-0 f6 8. exf6 Qxf6 9. Re1 Bd6 10. Qd2 0-0 11. g3 e5 12. Bf1 exf4 13. gxf4 Bxf4 14. Qg2 Bxc1 15. Rxc1 Qxf3 16. Qxf3 Rxf3 17. Bg2 Rf5 18. Nc3 Nf6 19. Nb5 Rg5 20. Kf1 Bg4 21. Re1 Rf8 22. Kg1 Bf3 0-1